[Event "Subotica-ch"]
[Site "Subotica"]
[Date "2008.02.25"]
[Round "4"]
[White "Meszaros, Bela"]
[Black "Jovicic, Aleksandar"]
[Result "1-0"]
[WhiteElo "2306"]
[BlackElo "2063"]
[PlyCount "93"]
[EventDate "2008.02.18"]
[EventType "swiss"]
[EventRounds "9"]
[EventCountry "YUG"]
[SourceTitle "CBM 123 Extra"]
[Source "ChessBase"]
[SourceDate "2008.05.06"]
[SourceVersion "1"]
[SourceVersionDate "2008.05.06"]
[SourceQuality "1"]

1. d4 Nf6 2. c4 e6 3. Nc3 b6 4. Nf3 Bb7 5. a3 Be7 6. g3 0-0 7. Bg2 d5 8. cxd5 Nxd5 9. 0-0 Nxc3 10. bxc3 Nd7 11. Qc2 Nf6 12. Bg5 h6 13. Bxf6 Bxf6 14. Ng5 Bxg5 15. Bxb7 Rb8 16. Bc6 Qd6 17. Qe4 Bd2 18. Qf3 Bg5 19. Rfd1 Rbd8 20. a4 a5 21. Rab1 Bf6 22. e3 e5 23. h4 Qe7 24. h5 Rd6 25. Be4 Qd7 26. Bc2 Re8 27. Rb5 exd4 28. cxd4 Bd8 29. Rf5 Rf6 30. Rxf6 Bxf6 31. Rb1 Qd6 32. Rb5 Rd8 33. Kg2 Qe6 34. Bb3 Qd7 35. Rf5 Rf8 36. Rd5 Qc8 37. e4 c6 38. Rd6 Be7 39. Rg6 Qd7 40. Qc3 Kh8 41. Rxc6 Bb4 42. Qc4 f5 43. Rc7 Qe8 44. e5 f4 45. g4 f3+ 46. Kh3 Be1 47. Bc2 1-0

[Event "Subotica-ch op "]
[Site "Subotica"]
[Date "2007.03.09"]
[Round "9"]
[White "Jovicic, Aleksandar"]
[Black "Hegedus, Antal"]
[Result "1-0"]
[WhiteElo "2076"]
[BlackElo "1995"]
[PlyCount "53"]
[EventDate "2007.02.19"]
[EventType "swiss"]
[EventRounds "9"]
[EventCountry "YUG"]
[SourceTitle "EXT 2008"]
[Source "ChessBase"]
[SourceDate "2007.11.25"]
[SourceVersion "1"]
[SourceVersionDate "2007.11.25"]
[SourceQuality "1"]

1. e4 e5 2. Nf3 Nc6 3. Bb5 a6 4. Bxc6 dxc6 5. 0-0 f6 6. d4 exd4 7. Nxd4 c5 8. Nb3 Qxd1 9. Rxd1 b5 10. Bf4 Ra7 11. Nc3 Ne7 12. a4 Ng6 13. Bg3 c6 14. Bd6 Bxd6 15. Rxd6 c4 16. Nc5 Rc7 17. Rad1 Ke7 18. Na2 Ne5 19. R6d4 Ng4 20. Nb4 h5 21. b3 cxb3 22. cxb3 h4 23. Nbd3 Nh6 24. f4 Rd8 25. Rxd8 Kxd8 26. f5 Nf7 27. Kf2 1-0

[Event "Subotica-ch op "]
[Site "Subotica"]
[Date "2007.03.07"]
[Round "8"]
[White "Crnkovic, Ivan"]
[Black "Jovicic, Aleksandar"]
[Result "1/2-1/2"]
[WhiteElo "1848"]
[BlackElo "2076"]
[PlyCount "54"]
[EventDate "2007.02.19"]
[EventType "swiss"]
[EventRounds "9"]
[EventCountry "YUG"]
[SourceTitle "EXT 2008"]
[Source "ChessBase"]
[SourceDate "2007.11.25"]
[SourceVersion "1"]
[SourceVersionDate "2007.11.25"]
[SourceQuality "1"]

1. Nf3 Nf6 2. d4 g6 3. c4 Bg7 4. Nc3 d5 5. cxd5 Nxd5 6. e4 Nxc3 7. bxc3 0-0 8. Be2 c5 9. 0-0 Nc6 10. Be3 cxd4 11. cxd4 b6 12. Rc1 Bb7 13. d5 Na5 14. Qd2 Re8 15. Rfd1 Rc8 16. Bb5 Rf8 17. Rxc8 Qxc8 18. h3 Nc4 19. Bxc4 Qxc4 20. Nd4 Rc8 21. f3 Bxd4 22. Bxd4 Qc2 23. Be3 Qxd2 24. Rxd2 Kf8 25. Kf2 Ke8 26. Bd4 Kd7 27. Bb2 Ba6 1/2-1/2

[Event "Subotica-ch op "]
[Site "Subotica"]
[Date "2007.02.28"]
[Round "5"]
[White "Marjanusic, Vladimir"]
[Black "Jovicic, Aleksandar"]
[Result "1-0"]
[WhiteElo "2265"]
[BlackElo "2076"]
[PlyCount "133"]
[EventDate "2007.02.19"]
[EventType "swiss"]
[EventRounds "9"]
[EventCountry "YUG"]
[SourceTitle "EXT 2008"]
[Source "ChessBase"]
[SourceDate "2007.11.25"]
[SourceVersion "1"]
[SourceVersionDate "2007.11.25"]
[SourceQuality "1"]

1. d4 Nf6 2. Bg5 d5 3. Bxf6 exf6 4. e3 Bb4+ 5. c3 Bd6 6. g3 0-0 7. Bg2 c6 8. Ne2 Re8 9. 0-0 Nd7 10. Qc2 Nf8 11. b3 Ne6 12. c4 dxc4 13. bxc4 Ng5 14. Nf4 g6 15. Nc3 Ne6 16. Nd3 Nc7 17. Rab1 Bf8 18. Rfd1 Bg4 19. Rd2 Qc8 20. Ne4 Kg7 21. Nf4 Bf5 22. f3 Rb8 23. Qc3 Bxe4 24. fxe4 Ne6 25. Rf1 Bd6 26. Bh3 Qc7 27. Bxe6 fxe6 28. Rdf2 Kg8 29. c5 Bxf4 30. Rxf4 f5 31. g4 fxe4 32. Qb3 Qd7 33. Rxe4 Qd5 34. Re5 Qxb3 35. axb3 Kg7 36. g5 Re7 37. Rf6 Rbe8 38. Kg2 Kg8 39. h4 Kg7 40. Kg3 h5 41. b4 Kh7 42. Kf4 Kg7 43. Ke4 Kh7 44. Kd3 a6 45. Kc4 Kg7 46. Kc3 Kh7 47. Kd3 Kg7 48. Ke4 Kh7 49. Kf4 Kg7 50. Re4 Kh7 51. Ke5 Rd7 52. Rxe6 Rd5+ 53. Kf4 Rf5+ 54. Kg3 Ref8 55. Re7+ Kg8 56. Rf4 Rxf4 57. exf4 Rd8 58. Rxb7 Rxd4 59. Rb6 Kf7 60. Rxc6 Rxb4 61. Rf6+ Kg7 62. Rxa6 Rb3+ 63. Kf2 Rh3 64. Ra7+ Kf8 65. c6 Rxh4 66. Kg3 Rh1 67. c7 1-0

[Event "Bajmok op 9th"]
[Site "Bajmok"]
[Date "2006.12.22"]
[Round "6"]
[White "Brindza, Istvan"]
[Black "Jovicic, Aleksandar"]
[Result "1/2-1/2"]
[WhiteElo "2083"]
[BlackElo "2076"]
[PlyCount "24"]
[EventDate "2006.12.09"]
[EventType "swiss"]
[EventRounds "9"]
[EventCountry "SRB"]
[SourceTitle "EXT 2022"]
[Source "ChessBase"]
[SourceDate "2021.10.06"]
[SourceVersion "1"]
[SourceVersionDate "2021.10.06"]
[SourceQuality "1"]

1. e4 e5 2. Nf3 Nc6 3. Bb5 a6 4. Ba4 Nf6 5. 0-0 Be7 6. Qe1 b5 7. Bb3 0-0 8. c3 d6 9. h3 Na5 10. Bc2 c5 11. d4 Qc7 12. Nbd2 Bb7 1/2-1/2

[Event "Bajmok op 8th"]
[Site "Bajmok"]
[Date "2005.12.29"]
[Round "5"]
[White "Jovicic, Aleksandar"]
[Black "Tancik, Kristijan"]
[Result "0-1"]
[WhiteElo "2080"]
[BlackElo "2120"]
[PlyCount "76"]
[EventDate "2005.12.23"]
[EventType "swiss"]
[EventRounds "9"]
[EventCountry "YUG"]
[SourceTitle "CBM 110 Extra"]
[Source "ChessBase"]
[SourceDate "2006.03.10"]
[SourceVersion "2"]
[SourceVersionDate "2006.03.10"]
[SourceQuality "1"]

1. e4 e5 2. Nf3 Nf6 3. Nc3 Nc6 4. d4 Bb4 5. d5 Nb8 6. Bd3 Bxc3+ 7. bxc3 d6 8. h3 Nbd7 9. Be3 0-0 10. 0-0 Re8 11. c4 b6 12. a4 a5 13. c3 Nf8 14. Ne1 Ng6 15. Kh2 Bd7 16. f3 Nh5 17. Qe2 Nhf4 18. Qf2 Rf8 19. g4 h5 20. Rg1 hxg4 21. fxg4 Qh4 22. Qxh4 Nxh4 23. Bxf4 exf4 24. Rf1 g5 25. Nf3 Nxf3+ 26. Rxf3 Kg7 27. Kg2 Rh8 28. Rff1 Rh4 29. Be2 Rah8 30. Rh1 Bc8 31. Rae1 Re8 32. Bd3 Bd7 33. Ra1 Kf6 34. Bc2 Reh8 35. Raf1 Ke5 36. Bb3 Bxg4 37. hxg4 Rxh1 38. Rxh1 f3+ 0-1

[Event "Bajmok op 8th"]
[Site "Bajmok"]
[Date "2005.12.28"]
[Round "4"]
[White "Guzsvany, Arpad"]
[Black "Jovicic, Aleksandar"]
[Result "1/2-1/2"]
[WhiteElo "2002"]
[BlackElo "2080"]
[PlyCount "43"]
[EventDate "2005.12.23"]
[EventType "swiss"]
[EventRounds "9"]
[EventCountry "YUG"]
[SourceTitle "CBM 110 Extra"]
[Source "ChessBase"]
[SourceDate "2006.03.10"]
[SourceVersion "2"]
[SourceVersionDate "2006.03.10"]
[SourceQuality "1"]

1. d4 f5 2. c4 Nf6 3. g3 g6 4. Bg2 Bg7 5. Nf3 0-0 6. 0-0 d6 7. Nc3 Nc6 8. d5 Na5 9. Nd2 c5 10. Qc2 Rb8 11. a3 b6 12. b4 Nb7 13. Rb1 cxb4 14. axb4 a5 15. Ba3 Bd7 16. Rfc1 Ng4 17. e3 Ne5 18. Bf1 g5 19. f4 gxf4 20. exf4 Ng4 21. Qd3 b5 22. Nd1 1/2-1/2

[Event "Bajmok op 8th"]
[Site "Bajmok"]
[Date "2005.12.27"]
[Round "3"]
[White "Jovicic, Aleksandar"]
[Black "Ikras, Djura"]
[Result "1/2-1/2"]
[WhiteElo "2080"]
[BlackElo "2131"]
[PlyCount "64"]
[EventDate "2005.12.23"]
[EventType "swiss"]
[EventRounds "9"]
[EventCountry "YUG"]
[SourceTitle "CBM 110 Extra"]
[Source "ChessBase"]
[SourceDate "2006.03.10"]
[SourceVersion "2"]
[SourceVersionDate "2006.03.10"]
[SourceQuality "1"]

1. e4 d6 2. d4 Nf6 3. Bd3 e5 4. c3 Nc6 5. Nf3 Be7 6. 0-0 0-0 7. h3 Re8 8. Re1 a6 9. Nbd2 h6 10. Nf1 Nh7 11. Ng3 Ng5 12. d5 Nb8 13. c4 Nxf3+ 14. Qxf3 Bg5 15. Nf5 Bxf5 16. Qxf5 Bxc1 17. Raxc1 Nd7 18. Bc2 Rf8 19. Re3 g6 20. Qg4 Kh7 21. g3 h5 22. Qe2 Qg5 23. h4 Qe7 24. Rf1 Nf6 25. Kg2 Ng4 26. Rb3 b6 27. f3 Nh6 28. Re3 Kg7 29. b4 a5 30. b5 Rae8 31. Rh1 Qd7 32. Rf1 Qd8 1/2-1/2